[Event "Mundial Juvenil femenino 2005 s16"]
[Site "Belfort FRA"]
[Date "2005.07.26"]
[Round "7.9"]
[White "Benmesbah, Natacha"]
[Black "Amed, Stephanie"]
[Result "1-0"]
[WhiteElo "2127"]
[BlackElo "2001"]
[PlyCount "65"]
[EventDate "2005.07.19"]
[EventType "swiss"]
[EventRounds "11"]
[EventCountry "FRA"]
[Source "lmi"]
[SourceDate "2005.07.31"]

1. e4 c5 2. c3 d5 3. exd5 Qxd5 4. d4 Nf6 5. Nf3 Nc6 6. Be3 cxd4 7. cxd4 e6 8.
Nc3 Qd6 9. Bd3 Be7 10. O-O O-O 11. a3 b6 12. Qb3 Bb7 13. Rac1 Na5 14. Qd1 Rac8
15. Ne5 a6 16. b4 Nc6 17. Nc4 Qd8 18. Nxb6 Qxb6 19. d5 Qc7 20. dxc6 Qxc6 21. f3
Rfd8 22. Qe2 Nd5 23. Nxd5 Qxd5 24. Be4 Qd7 25. Bb6 Rxc1 26. Rxc1 Bg5 27. Rc7
Qd1+ 28. Qxd1 Rxd1+ 29. Kf2 Bxe4 30. Rc8+ Bd8 31. fxe4 Kf8 32. Bxd8 Ke8 33.
Bf6+ 1-0

[Event "Mundial Juvenil femenino 2005 s16"]
[Site "Belfort FRA"]
[Date "2005.07.26"]
[Round "7.10"]
[White "Pelletier, Katherine"]
[Black "Merkulova, Iryna"]
[Result "1-0"]
[WhiteElo "2096"]
[BlackElo "1599"]
[PlyCount "65"]
[EventDate "2005.07.19"]
[EventType "swiss"]
[EventRounds "11"]
[EventCountry "FRA"]
[Source "lmi"]
[SourceDate "2005.07.31"]

1. e4 c5 2. Nf3 Nc6 3. d4 cxd4 4. Nxd4 g6 5. c4 Bg7 6. Be3 Nf6 7. Nc3 Ng4 8.
Qxg4 Nxd4 9. Qd1 Ne6 10. Rc1 Qa5 11. Qd2 b6 12. Be2 Bb7 13. f3 Be5 14. b3 g5
15. Nd5 Qxd2+ 16. Kxd2 Rc8 17. g3 Kd8 18. Rhf1 f6 19. b4 Bd6 20. a3 Be5 21. a4
Nd4 22. Bd1 Nc6 23. f4 gxf4 24. gxf4 Bd4 25. Bxd4 Nxd4 26. Kd3 Ne6 27. f5 Ng5
28. Bh5 Rf8 29. h4 Nf7 30. Bxf7 Rxf7 31. Rg1 Bxd5 32. Rg8+ Kc7 33. cxd5+ 1-0

[Event "Mundial Juvenil femenino 2005 s16"]
[Site "Belfort FRA"]
[Date "2005.07.26"]
[Round "7.11"]
[White "Rysbayeva, Nazerke"]
[Black "Van Nies, Pauline"]
[Result "1/2-1/2"]
[WhiteElo "1599"]
[BlackElo "2074"]
[PlyCount "108"]
[EventDate "2005.07.19"]
[EventType "swiss"]
[EventRounds "11"]
[EventCountry "FRA"]
[Source "lmi"]
[SourceDate "2005.07.31"]

1. e4 c5 2. Nf3 d6 3. Bb5+ Nd7 4. d4 cxd4 5. Qxd4 a6 6. Bxd7+ Bxd7 7. Bg5 h6 8.
Bh4 Qc7 9. Nc3 e5 10. Qd3 Be6 11. Nd5 Bxd5 12. Qxd5 g5 13. Bg3 Nf6 14. Qd3 Rc8
15. c3 b5 16. Nd2 Nd7 17. Nf1 Qc4 18. Qxc4 bxc4 19. Kd2 Nc5 20. f3 h5 21. Ne3
g4 22. Nxc4 Nxe4+ 23. fxe4 Rxc4 24. Kd3 Rc6 25. b4 Bg7 26. Rab1 Ke7 27. Bh4+
Ke6 28. Rhf1 Rhc8 29. Rb3 d5 30. exd5+ Kxd5 31. Rxf7 e4+ 32. Ke2 Bxc3 33. b5
axb5 34. Rxb5+ Kc4 35. a4 Ra8 36. Ke3 Rxa4 37. Rxh5 Kb3 38. Rb5+ Kc2 39. Rd5
Kb3 40. Rb5+ Kc4 41. Rg5 Rb6 42. Kxe4 Re6+ 43. Kf4 Be5+ 44. Kxg4 Kd3+ 45. Kh5
Re8 46. Rd7+ Ke2 47. g3 Bf6 48. Rgd5 Bxh4 49. gxh4 Rh8+ 50. Kg5 Raxh4 51. Re5+
Kf3 52. Rf7+ Kg2 53. Re2+ Kg1 54. Rff2 R8h5+ 1/2-1/2

[Event "Mundial Juvenil femenino 2005 s16"]
[Site "Belfort FRA"]
[Date "2005.07.26"]
[Round "7.14"]
[White "Van Der Merwe, Anna Margaretha"]
[Black "Robles Garcia, Claudia"]
[Result "0-1"]
[WhiteElo "2012"]
[BlackElo "2144"]
[PlyCount "44"]
[EventDate "2005.07.19"]
[EventType "swiss"]
[EventRounds "11"]
[EventCountry "FRA"]
[Source "lmi"]
[SourceDate "2005.07.31"]

1. e4 d6 2. d4 Nf6 3. Nc3 g6 4. Be3 c6 5. f3 b5 6. Qd2 Nbd7 7. g4 Nb6 8. h4 h5
9. g5 Nfd7 10. d5 cxd5 11. Bxb5 dxe4 12. Nxe4 Bg7 13. O-O-O a6 14. Bc6 Nc4 15.
Nxd6+ exd6 16. Qe2 Bxb2+ 17. Kb1 Rb8 18. Ba7+ Be5+ 19. Kc1 Qa5 20. Qxc4 Rb4 21.
Qd5 Bb2+ 22. Kb1 Bc3+ 0-1

[Event "Mundial Juvenil femenino 2005 s16"]
[Site "Belfort FRA"]
[Date "2005.07.26"]
[Round "7.16"]
[White "Paganoglou, Anastasia"]
[Black "Gavrilova, Anastasia"]
[Result "0-1"]
[WhiteElo "1948"]
[BlackElo "2082"]
[PlyCount "94"]
[EventDate "2005.07.19"]
[EventType "swiss"]
[EventRounds "11"]
[EventCountry "FRA"]
[Source "lmi"]
[SourceDate "2005.07.31"]

1. e4 c5 2. Nf3 d6 3. d4 cxd4 4. Nxd4 Nf6 5. Nc3 a6 6. Be2 e6 7. O-O Be7 8. Kh1
O-O 9. a4 Nc6 10. Be3 e5 11. Nxc6 bxc6 12. a5 d5 13. Bb6 Qd6 14. Bf3 Be6 15.
Qe2 Bd8 16. Na4 Nd7 17. Rfd1 d4 18. Bg4 Bxg4 19. Qxg4 Bxb6 20. Nxb6 Nxb6 21.
axb6 c5 22. b7 Ra7 23. Qc8 Qb6 24. Rxa6 Rxa6 25. b8=Q Qxb8 26. Qxa6 Qxb2 27.
Qc4 Rc8 28. Qa6 Rb8 29. Qd6 Qb1 30. Qd8+ Rxd8 31. Rxb1 Kf8 32. Kg1 Ke7 33. Kf1
Kd6 34. Ke2 Kc6 35. Kd3 Ra8 36. h3 g6 37. Rb2 f5 38. exf5 gxf5 39. f3 Kd5 40.
Rb7 e4+ 41. Kd2 e3+ 42. Kd3 c4+ 43. Ke2 Ra3 44. Kd1 d3 45. cxd3 cxd3 46. Rd7+
Kc4 47. Rc7+ Kb5 0-1

[Event "Mundial Juvenil femenino 2005 s16"]
[Site "Belfort FRA"]
[Date "2005.07.26"]
[Round "7.17"]
[White "Kozjukova, Olga"]
[Black "Ikonomopoulou, Maria"]
[Result "1-0"]
[WhiteElo "1986"]
[BlackElo "2044"]
[PlyCount "43"]
[EventDate "2005.07.19"]
[EventType "swiss"]
[EventRounds "11"]
[EventCountry "FRA"]
[Source "lmi"]
[SourceDate "2005.07.31"]

1. e4 c5 2. Nf3 e6 3. d4 cxd4 4. Nxd4 a6 5. Bd3 g6 6. O-O Bg7 7. Nb3 Ne7 8. c4
Nbc6 9. Nc3 O-O 10. h4 d5 11. e5 f6 12. exf6 Bxf6 13. Qe2 Nb4 14. Bb1 Qc7 15.
cxd5 Nexd5 16. Ne4 Bg7 17. Ng5 Qb6 18. Kh1 Bd7 19. Nxh7 Bb5 20. Qg4 Bxf1 21.
Nxf8 Kxf8 22. Qf3+ 1-0

[Event "Mundial Juvenil femenino 2005 s16"]
[Site "Belfort FRA"]
[Date "2005.07.26"]
[Round "7.18"]
[White "Iurascu, Mihaela"]
[Black "Khudaya, Iryna"]
[Result "1-0"]
[WhiteElo "1901"]
[BlackElo "2043"]
[PlyCount "127"]
[EventDate "2005.07.19"]
[EventType "swiss"]
[EventRounds "11"]
[EventCountry "FRA"]
[Source "lmi"]
[SourceDate "2005.07.31"]

1. c4 e5 2. Nc3 Nc6 3. g3 g6 4. Bg2 Bg7 5. d3 d6 6. e4 Nge7 7. Nge2 O-O 8. O-O
Be6 9. Nd5 Nc8 10. Be3 Nd4 11. Qd2 c6 12. Ndc3 Nxe2+ 13. Nxe2 d5 14. cxd5 cxd5
15. d4 dxe4 16. dxe5 Qxd2 17. Bxd2 Bxe5 18. Bxe4 Bxb2 19. Rab1 Be5 20. Bxb7 Rb8
21. Bc3 Bxa2 22. Bxe5 Bxb1 23. Bxb8 Bd3 24. Re1 Re8 25. Bxc8 Rxc8 26. Bxa7 Re8
27. Be3 Be4 28. Nd4 Bd5 29. f3 h5 30. Bf2 Ra8 31. h4 Kg7 32. Kg2 Ra3 33. Re5
Bc4 34. Rc5 Ra4 35. Nb5 Bxb5 36. Rxb5 Ra2 37. Rb3 Rd2 38. f4 Rd7 39. Be1 Rc7
40. Bc3+ f6 41. Bd4 Rd7 42. Bb2 Rd6 43. Kf3 Kf7 44. Ba3 Rc6 45. Re3 Rc7 46. Bb4
Rb7 47. Bc5 Rc7 48. Rc3 Rd7 49. Ra3 Rd5 50. Ra7+ Ke6 51. Rc7 Kf5 52. Be3 Rd6
53. Rb7 Rd5 54. Rb6 Rd1 55. Ke2 Rd7 56. Bc1 Re7+ 57. Kf2 Rd7 58. Bb2 Rf7 59.
Kf3 Rf8 60. Rb5+ Ke6 61. f5+ gxf5 62. Rb6+ Kd7 63. Rxf6 Rb8 64. Be5 1-0

[Event "Mundial Juvenil femenino 2005 s16"]
[Site "Belfort FRA"]
[Date "2005.07.26"]
[Round "7.19"]
[White "Huddleston, Heather"]
[Black "Miller, Naomi"]
[Result "1-0"]
[WhiteElo "2027"]
[BlackElo "1943"]
[PlyCount "129"]
[EventDate "2005.07.19"]
[EventType "swiss"]
[EventRounds "11"]
[EventCountry "FRA"]
[Source "lmi"]
[SourceDate "2005.07.31"]

1. d4 Nf6 2. c4 g6 3. Nc3 Bg7 4. Nf3 O-O 5. Bf4 d6 6. h3 c5 7. e3 Nbd7 8. Be2
a6 9. O-O Qc7 10. d5 Ne8 11. e4 Ne5 12. Qd2 Nxf3+ 13. Bxf3 Rb8 14. a4 b6 15.
Rfe1 Bd7 16. Qe2 f6 17. Bg4 Rc8 18. Bxd7 Qxd7 19. Bg3 Nc7 20. f4 e5 21. fxe5
fxe5 22. Rf1 Rxf1+ 23. Qxf1 Rf8 24. Qe2 Qf7 25. Rf1 Qxf1+ 26. Qxf1 Rxf1+ 27.
Kxf1 Bf6 28. Ke2 Kf7 29. Kd3 Ne8 30. Na2 Ng7 31. Be1 Bd8 32. b4 Nh5 33. Ke3 Nf4
34. Kf3 h5 35. bxc5 bxc5 36. Nc1 g5 37. Bd2 Ng6 38. Nb3 Nf4 39. Nc1 Ng6 40. Ne2
Nh4+ 41. Kf2 g4 42. hxg4 hxg4 43. Kg3 Kg6 44. Kxg4 Nxg2 45. Kg3 Nh4 46. Ba5
Bxa5 47. Kxh4 Bd2 48. Kg4 Be1 49. Ng1 Kf6 50. Nf3 Bf2 51. Ng5 Be3 52. Ne6 Bd2
53. Nc7 a5 54. Kh5 Be1 55. Nb5 Ke7 56. Kg6 Bh4 57. Na7 Kd7 58. Nc6 Be1 59. Kf7
Bd2 60. Ne7 Bg5 61. Ng8 Bh4 62. Nf6+ Kc7 63. Ke6 Kd8 64. Nh5 Kc7 65. Ng7 1-0

[Event "Mundial Juvenil femenino 2005 s16"]
[Site "Belfort FRA"]
[Date "2005.07.26"]
[Round "7.20"]
[White "Atnilov, Bela"]
[Black "Middelveld, Martine"]
[Result "1-0"]
[WhiteElo "2153"]
[BlackElo "1599"]
[PlyCount "55"]
[EventDate "2005.07.19"]
[EventType "swiss"]
[EventRounds "11"]
[EventCountry "FRA"]
[Source "lmi"]
[SourceDate "2005.07.31"]

1. e4 e6 2. d4 d5 3. Nd2 Nf6 4. e5 Nfd7 5. Bd3 c5 6. c3 Nc6 7. Ngf3 cxd4 8.
cxd4 f6 9. Ng5 Ndxe5 10. dxe5 fxg5 11. Qh5+ Kd7 12. Nf3 Bb4+ 13. Kf1 h6 14. h4
gxh4 15. Rxh4 Kc7 16. a3 Be7 17. Rf4 Rf8 18. Rg4 g5 19. Qxh6 Rxf3 20. gxf3 Nxe5
21. Qh2 Bd6 22. Bxg5 Qf8 23. Rc1+ Nc6 24. Qh7+ Bd7 25. f4 Rc8 26. Bh6 Qe8 27.
Rg7 Bf8 28. Bg6 1-0

[Event "Mundial Juvenil femenino 2005 s16"]
[Site "Belfort FRA"]
[Date "2005.07.27"]
[Round "8.2"]
[White "Harika, Dronavalli"]
[Black "Ignacz, Maria"]
[Result "0-1"]
[WhiteElo "2396"]
[BlackElo "2265"]
[PlyCount "81"]
[EventDate "2005.07.19"]
[EventType "swiss"]
[EventRounds "11"]
[EventCountry "FRA"]
[Source "lmi"]
[SourceDate "2005.07.31"]

1. d4 Nf6 2. c4 g6 3. Nc3 d5 4. cxd5 Nxd5 5. e4 Nb6 6. Be3 Bg7 7. h3 O-O 8. Nf3
c6 9. Qc2 N8d7 10. Rd1 Nf6 11. Be2 Be6 12. O-O Bc4 13. b3 Bxe2 14. Nxe2 Nfd7
15. Qc1 Re8 16. Bh6 Bh8 17. Bf4 Qc8 18. Ng3 a5 19. Rd2 a4 20. b4 a3 21. Rc2 Ra4
22. b5 Bxd4 23. Nxd4 Rxd4 24. bxc6 bxc6 25. Rxc6 Qa8 26. Qc3 Qa4 27. Bh6 Qb4
28. Qe3 Ne5 29. Rc3 Red8 30. Rb3 Qc5 31. Bf4 Nbc4 32. Qc1 Nd3 33. Rxd3 Rxd3 34.
Bh6 Rxg3 35. Rd1 Rgd3 36. Re1 Qb5 37. Qc2 Nb2 38. Rc1 Rd1+ 39. Rxd1 Rxd1+ 40.
Kh2 Qc4 41. Bc1 0-1

[Event "Mundial Juvenil femenino 2005 s16"]
[Site "Belfort FRA"]
[Date "2005.07.27"]
[Round "8.3"]
[White "Hamrakulova, Yulduz"]
[Black "Mikadze, Miranda"]
[Result "1/2-1/2"]
[WhiteElo "2114"]
[BlackElo "2210"]
[PlyCount "60"]
[EventDate "2005.07.19"]
[EventType "swiss"]
[EventRounds "11"]
[EventCountry "FRA"]
[Source "lmi"]
[SourceDate "2005.07.31"]

1. d4 e6 2. Nf3 c5 3. e3 Nf6 4. Bd3 d5 5. b3 cxd4 6. exd4 Be7 7. Nbd2 Nc6 8. a3
O-O 9. O-O b6 10. Bb2 Bb7 11. Qe2 Rc8 12. Ne5 g6 13. f4 Ne8 14. Kh1 Bf6 15. g4
Nd6 16. Rf3 Bg7 17. Rh3 f5 18. Nxc6 Rxc6 19. g5 Ne4 20. Rf1 b5 21. Nxe4 dxe4
22. Bxb5 Rb6 23. Bc4 Bxd4 24. Rd1 Bxb2 25. Rxd8 Rxd8 26. c3 Rbd6 27. Qe3 Bc1
28. Qxa7 Rd1+ 29. Kg2 e3+ 30. Rf3 Bd5 1/2-1/2

[Event "Mundial Juvenil femenino 2005 s16"]
[Site "Belfort FRA"]
[Date "2005.07.27"]
[Round "8.4"]
[White "Foisor, Sabina-Francesca"]
[Black "Pelletier, Katherine"]
[Result "1/2-1/2"]
[WhiteElo "2230"]
[BlackElo "2096"]
[PlyCount "97"]
[EventDate "2005.07.19"]
[EventType "swiss"]
[EventRounds "11"]
[EventCountry "FRA"]
[Source "lmi"]
[SourceDate "2005.07.31"]

1. Nf3 d5 2. g3 Nf6 3. Bg2 c6 4. O-O Bf5 5. d3 e6 6. Nfd2 Be7 7. e4 Bg6 8. Qe2
O-O 9. h3 Nfd7 10. f4 dxe4 11. dxe4 Bc5+ 12. Kh2 f6 13. Nf3 Qc7 14. a3 a5 15.
b3 Na6 16. Bb2 Bd6 17. Nbd2 e5 18. f5 Bf7 19. g4 b5 20. h4 Nb6 21. g5 Bh5 22.
Qe1 a4 23. Qg3 Kh8 24. b4 c5 25. c3 cxb4 26. cxb4 Qc2 27. Rab1 Rac8 28. Rfc1
Qd3 29. Bf1 Qe3 30. Re1 Qf4 31. Qxf4 exf4 32. gxf6 gxf6 33. e5 Be7 34. Bxb5 Nc7
35. Be2 Bg4 36. Nd4 h5 37. Nc6 Ncd5 38. Nxe7 Nxe7 39. exf6 Nxf5 40. Bxg4 hxg4
41. Re5 Ne3 42. Ne4 Rc2+ 43. Kh1 g3 44. Nd6 Rh2+ 45. Kg1 Rg2+ 46. Kh1 Rh2+ 47.
Kg1 Rg2+ 48. Kh1 Rh2+ 49. Kg1 1/2-1/2

[Event "Mundial Juvenil femenino 2005 s16"]
[Site "Belfort FRA"]
[Date "2005.07.27"]
[Round "8.5"]
[White "Darbinian, Nune"]
[Black "Corke, Anya"]
[Result "1-0"]
[WhiteElo "2072"]
[BlackElo "2223"]
[PlyCount "69"]
[EventDate "2005.07.19"]
[EventType "swiss"]
[EventRounds "11"]
[EventCountry "FRA"]
[Source "lmi"]
[SourceDate "2005.07.31"]

1. Nf3 g6 2. c4 d6 3. d4 Bg7 4. Nc3 Nf6 5. e4 O-O 6. Be2 e5 7. O-O Nc6 8. Be3
Ng4 9. Bg5 f6 10. Bc1 exd4 11. Nxd4 Nh6 12. Be3 Nf7 13. Qd2 Nxd4 14. Bxd4 c6
15. Rad1 Qe7 16. f3 Be6 17. Rfe1 Rfd8 18. Bf1 Qc7 19. Qf2 Qa5 20. Rc1 Ne5 21.
b3 f5 22. exf5 Bxf5 23. f4 Ng4 24. Qd2 Qc7 25. h3 Nf6 26. g4 Bc8 27. Bg2 Kf8
28. Rcd1 Qf7 29. Bc5 Ne8 30. Ne4 Kg8 31. Ng5 Qc7 32. Bd5+ cxd5 33. Qxd5+ Kh8
34. Nf7+ Kg8 35. Nh6+ 1-0

[Event "Mundial Juvenil femenino 2005 s16"]
[Site "Belfort FRA"]
[Date "2005.07.27"]
[Round "8.6"]
[White "Leks, Hanna"]
[Black "Rakic, Marija"]
[Result "1-0"]
[WhiteElo "2173"]
[BlackElo "2057"]
[PlyCount "79"]
[EventDate "2005.07.19"]
[EventType "swiss"]
[EventRounds "11"]
[EventCountry "FRA"]
[Source "lmi"]
[SourceDate "2005.07.31"]

1. e4 c5 2. Nf3 Nc6 3. d4 cxd4 4. Nxd4 g6 5. c4 Nf6 6. Nc3 Nxd4 7. Qxd4 d6 8.
Be2 Bg7 9. Be3 O-O 10. Qd2 a5 11. O-O a4 12. Rab1 Qa5 13. f3 Be6 14. b4 axb3
15. axb3 Nd7 16. b4 Qd8 17. f4 Rc8 18. Nd5 Bxd5 19. exd5 Nf6 20. Rbc1 Qd7 21.
Bf3 Ng4 22. Bb6 Bh6 23. h3 Ne5 24. Be2 Qa4 25. Qc3 Qe8 26. fxe5 Bxc1 27. Rxc1
dxe5 28. Qxe5 Ra8 29. Bd4 f6 30. Qe6+ Qf7 31. Bg4 h5 32. Qxf7+ Kxf7 33. Be6+
Kg7 34. c5 Ra4 35. Rc4 g5 36. Bd7 Ra2 37. c6 bxc6 38. dxc6 e5 39. Bc5 Ra1+ 40.
Kh2 1-0

[Event "Mundial Juvenil femenino 2005 s16"]
[Site "Belfort FRA"]
[Date "2005.07.27"]
[Round "8.8"]
[White "Batzaya, Yanjav"]
[Black "Gomes, Mary Ann"]
[Result "1/2-1/2"]
[WhiteElo "1908"]
[BlackElo "2265"]
[PlyCount "86"]
[EventDate "2005.07.19"]
[EventType "swiss"]
[EventRounds "11"]
[EventCountry "FRA"]
[Source "lmi"]
[SourceDate "2005.07.31"]

1. e4 c5 2. Nf3 d6 3. d4 cxd4 4. Nxd4 Nf6 5. Nc3 a6 6. Bc4 e6 7. Bb3 b5 8. a3
Be7 9. f4 O-O 10. O-O Bb7 11. Qf3 Nbd7 12. f5 e5 13. Nde2 Nc5 14. Ng3 Nxb3 15.
cxb3 d5 16. exd5 Bxd5 17. Nxd5 Qxd5 18. Bg5 Qxf3 19. Rxf3 Bc5+ 20. Be3 Bd6 21.
Bg5 e4 22. Rc3 Be5 23. Bxf6 Bxf6 24. Rc7 Rfe8 25. Re1 e3 26. Kf1 Rad8 27. Ke2
Bg5 28. Kf3 Rd3 29. Rc3 Rd4 30. Ne2 Rd2 31. Rec1 Rxb2 32. R1c2 Rxc2 33. Rxc2 h5
34. Rc6 Re5 35. g4 a5 36. h3 hxg4+ 37. hxg4 Rd5 38. Rb6 Rd1 39. Rxb5 Rf1+ 40.
Ke4 Re1 41. Kf3 Rf1+ 42. Ke4 Re1 43. Kf3 Rf1+ 1/2-1/2

[Event "Mundial Juvenil femenino 2005 s16"]
[Site "Belfort FRA"]
[Date "2005.07.27"]
[Round "8.9"]
[White "Robles Garcia, Claudia"]
[Black "Huddleston, Heather"]
[Result "1/2-1/2"]
[WhiteElo "2144"]
[BlackElo "2027"]
[PlyCount "60"]
[EventDate "2005.07.19"]
[EventType "swiss"]
[EventRounds "11"]
[EventCountry "FRA"]
[Source "lmi"]
[SourceDate "2005.07.31"]

1. e4 c5 2. Nf3 e6 3. d4 cxd4 4. Nxd4 Nf6 5. Nc3 Nc6 6. Ndb5 Bb4 7. a3 Bxc3+ 8.
Nxc3 d5 9. exd5 exd5 10. Bd3 O-O 11. O-O d4 12. Ne2 Bg4 13. f3 Bh5 14. Qe1 Re8
15. Bg5 Bg6 16. Qd2 Qd6 17. Ng3 Bxd3 18. Qxd3 Ne5 19. Qf5 Nd5 20. Ne4 Qb6 21.
Kh1 Ne3 22. Bxe3 dxe3 23. f4 Nc4 24. Ng5 Qg6 25. Qxg6 hxg6 26. b3 Nd2 27. Rfe1
Rac8 28. Rac1 f6 29. Nf3 Rcd8 30. Re2 Re4 1/2-1/2

[Event "Mundial Juvenil femenino 2005 s16"]
[Site "Belfort FRA"]
[Date "2005.07.27"]
[Round "8.10"]
[White "Gavrilova, Anastasia"]
[Black "Kozjukova, Olga"]
[Result "0-1"]
[WhiteElo "2082"]
[BlackElo "1986"]
[PlyCount "100"]
[EventDate "2005.07.19"]
[EventType "swiss"]
[EventRounds "11"]
[EventCountry "FRA"]
[Source "lmi"]
[SourceDate "2005.07.31"]

1. d4 Nf6 2. c4 e6 3. Nc3 Bb4 4. Qb3 Bxc3+ 5. Qxc3 d5 6. Nf3 O-O 7. e3 b6 8.
Be2 Bb7 9. b3 Nbd7 10. O-O c5 11. Ba3 Rc8 12. Rac1 Ne4 13. Qb2 Rc7 14. Nd2 Nxd2
15. Qxd2 dxc4 16. bxc4 Qg5 17. f3 Rd8 18. Rfd1 Ne5 19. Kh1 Ng6 20. Bf1 Nh4 21.
e4 Qxd2 22. Rxd2 cxd4 23. e5 Nf5 24. Bd3 Ne7 25. Bd6 Rcd7 26. Bc2 f6 27. Ba4
Nc6 28. f4 g5 29. Bxc6 Bxc6 30. fxg5 fxe5 31. Bxe5 d3 32. Bf6 Re8 33. Re1 Ba4
34. h4 Bc2 35. h5 Rc7 36. Re4 Rc5 37. g4 e5 38. g6 Ba4 39. Kg1 Bc6 40. Re3 e4
41. gxh7+ Kxh7 42. g5 Kg8 43. Kf2 Rxc4 44. Rg3 Rc5 45. Ke3 Re6 46. Rh2 Be8 47.
Rgg2 Rf5 48. Rh3 Rf3+ 49. Rxf3 exf3+ 50. Kxf3 Bc6+ 0-1

[Event "Mundial Juvenil femenino 2005 s16"]
[Site "Belfort FRA"]
[Date "2005.07.27"]
[Round "8.11"]
[White "Congiu, Mathilde"]
[Black "Van Nies, Pauline"]
[Result "1/2-1/2"]
[WhiteElo "2046"]
[BlackElo "2074"]
[PlyCount "51"]
[EventDate "2005.07.19"]
[EventType "swiss"]
[EventRounds "11"]
[EventCountry "FRA"]
[Source "lmi"]
[SourceDate "2005.07.31"]

1. e4 c5 2. c3 d5 3. exd5 Qxd5 4. d4 Nf6 5. Nf3 e6 6. Be3 cxd4 7. cxd4 Bd7 8.
a3 Bc6 9. Nc3 Qa5 10. Bd3 Bd6 11. b4 Bxf3 12. gxf3 Qd8 13. Ne4 O-O 14. Rg1 g6
15. h4 Bc7 16. Ra2 Nc6 17. Rd2 Nxe4 18. Bxe4 Qxh4 19. d5 exd5 20. Rxd5 Qf6 21.
b5 Na5 22. Bd4 Qe6 23. Bc3 Qb6 24. Bd4 Qe6 25. Bc3 Qb6 26. Bd4 1/2-1/2

[Event "Mundial Juvenil femenino 2005 s16"]
[Site "Belfort FRA"]
[Date "2005.07.27"]
[Round "8.14"]
[White "Amed, Stephanie"]
[Black "Gunina, Valentina"]
[Result "0-1"]
[WhiteElo "2001"]
[BlackElo "2394"]
[PlyCount "88"]
[EventDate "2005.07.19"]
[EventType "swiss"]
[EventRounds "11"]
[EventCountry "FRA"]
[Source "lmi"]
[SourceDate "2005.07.31"]

1. e4 c5 2. Nf3 d6 3. d4 cxd4 4. Nxd4 Nf6 5. Nc3 a6 6. Be2 e5 7. Nb3 Be7 8. O-O
Be6 9. f4 Qc7 10. a4 Nbd7 11. f5 Bc4 12. Be3 O-O 13. g4 h6 14. h4 d5 15. exd5
Bxb3 16. cxb3 Bc5 17. Qd2 Nb6 18. Rac1 Qd6 19. Rfd1 Rad8 20. Bxc5 Qxc5+ 21. Kh1
Qf2 22. Qe1 Qf4 23. Qg1 Nbxd5 24. Nxd5 Rxd5 25. Rc4 Rxd1 26. Bxd1 e4 27. Rc2
Rd8 28. Rf2 Qe3 29. Be2 Rd2 30. g5 hxg5 31. hxg5 Rxe2 32. Rxe2 Qxe2 33. gxf6
Qh5+ 34. Qh2 Qxh2+ 35. Kxh2 g6 36. fxg6 fxg6 37. b4 b5 38. axb5 axb5 39. Kg3 g5
40. Kf2 g4 41. Kg3 e3 42. Kg2 Kf7 43. b3 Kxf6 44. Kg1 g3 0-1

[Event "Mundial Juvenil femenino 2005 s16"]
[Site "Belfort FRA"]
[Date "2005.07.27"]
[Round "8.15"]
[White "Steil-Antoni, Fiona"]
[Black "Atnilov, Bela"]
[Result "1/2-1/2"]
[WhiteElo "1956"]
[BlackElo "2153"]
[PlyCount "26"]
[EventDate "2005.07.19"]
[EventType "swiss"]
[EventRounds "11"]
[EventCountry "FRA"]
[Source "lmi"]
[SourceDate "2005.07.31"]

1. e4 c5 2. Nc3 Nc6 3. f4 g6 4. Nf3 Bg7 5. Bb5 Nd4 6. O-O Nxb5 7. Nxb5 a6 8.
Nc3 e6 9. d3 Ne7 10. Qe1 d5 11. e5 h5 12. Qf2 b6 13. a4 Nc6 1/2-1/2

[Event "Mundial Juvenil femenino 2005 s16"]
[Site "Belfort FRA"]
[Date "2005.07.27"]
[Round "8.16"]
[White "Umudova, Nargiz"]
[Black "Bold, Sarantungalag"]
[Result "1-0"]
[WhiteElo "2121"]
[BlackElo "1599"]
[PlyCount "59"]
[EventDate "2005.07.19"]
[EventType "swiss"]
[EventRounds "11"]
[EventCountry "FRA"]
[Source "lmi"]
[SourceDate "2005.07.31"]

1. e4 e5 2. Nf3 Nc6 3. Bc4 Bc5 4. d3 h6 5. Nbd2 Nf6 6. c3 O-O 7. Nf1 d5 8. exd5
Nxd5 9. Ng3 Kh8 10. O-O a6 11. a4 Bg4 12. h3 Be6 13. Re1 Re8 14. Bb3 Bb6 15.
Bc2 Qe7 16. Bb1 Qf6 17. Nh5 Qd8 18. d4 exd4 19. Qc2 g6 20. Bxh6 dxc3 21. bxc3
Qd6 22. c4 Qb4 23. cxd5 Bf5 24. Rxe8+ Rxe8 25. Bg7+ Kg8 26. Qc1 gxh5 27. Qh6 f6
28. Bxf5 Nd4 29. Bh7+ Kf7 30. Qxf6# 1-0

[Event "Mundial Juvenil femenino 2005 s16"]
[Site "Belfort FRA"]
[Date "2005.07.27"]
[Round "8.18"]
[White "Baptista, Ana Filipa"]
[Black "Herrera, Milena"]
[Result "1-0"]
[WhiteElo "2025"]
[BlackElo "1599"]
[PlyCount "85"]
[EventDate "2005.07.19"]
[EventType "swiss"]
[EventRounds "11"]
[EventCountry "FRA"]
[Source "lmi"]
[SourceDate "2005.07.31"]

1. e4 e5 2. Nf3 Nf6 3. Nxe5 d6 4. Nf3 Nxe4 5. c4 d5 6. Nc3 Bc5 7. d4 Bb4 8. Qb3
Qe7 9. Be3 Bxc3+ 10. bxc3 dxc4 11. Bxc4 Nd6 12. Bd3 O-O 13. O-O h6 14. Rfe1 Qd8
15. Ne5 b6 16. c4 Nd7 17. Rad1 Qh4 18. Nf3 Qg4 19. Bb1 Bb7 20. h3 Qh5 21. d5
Rae8 22. Qc2 Nf6 23. Nh2 g6 24. Qc1 Kh7 25. Rd4 Ng8 26. Nf3 Nf5 27. Rf4 Nge7
28. Kh2 Nxe3 29. fxe3 Nxd5 30. Rh4 Qxh4 31. Nxh4 Nf6 32. Rf1 Re6 33. Qa3 Ra8
34. Qc3 Kg7 35. Nf3 Rae8 36. Nd2 Rd8 37. Ne4 Bxe4 38. Bxe4 Rdd6 39. Bd5 Re7 40.
e4 c6 41. e5 Nxd5 42. exd6+ Nxc3 43. dxe7 1-0

[Event "Mundial Juvenil femenino 2005 s16"]
[Site "Belfort FRA"]
[Date "2005.07.27"]
[Round "8.19"]
[White "Merkulova, Iryna"]
[Black "Khudaya, Iryna"]
[Result "1-0"]
[WhiteElo "1599"]
[BlackElo "2043"]
[PlyCount "99"]
[EventDate "2005.07.19"]
[EventType "swiss"]
[EventRounds "11"]
[EventCountry "FRA"]
[Source "lmi"]
[SourceDate "2005.07.31"]

1. e4 c6 2. d4 d5 3. exd5 cxd5 4. Bd3 Nc6 5. c3 g6 6. Bf4 Bg7 7. Nd2 Nf6 8. h3
O-O 9. Ngf3 h6 10. O-O g5 11. Bh2 g4 12. hxg4 Bxg4 13. Qe2 Bh5 14. Rfe1 e6 15.
Nf1 Ne7 16. Rad1 Kh8 17. Ng3 Bg6 18. Ne5 Bxd3 19. Rxd3 Nc6 20. Nh5 Ne4 21. Nxg7
Kxg7 22. Rh3 Rh8 23. Qh5 Nxe5 24. Bxe5+ f6 25. Bf4 Ng5 26. Bxg5 hxg5 27. Qxh8+
Qxh8 28. Rxh8 Rxh8 29. Rxe6 Kf7 30. Rd6 Rb8 31. Rxd5 Ke6 32. Rc5 b6 33. Rc7 a5
34. f3 b5 35. Rc6+ Ke7 36. Ra6 a4 37. Kf2 Re8 38. a3 Rd8 39. Rb6 Rd5 40. Ke3 g4
41. fxg4 Rg5 42. Kf4 Rd5 43. Rc6 Rd8 44. Rc5 Rb8 45. g5 fxg5+ 46. Rxg5 Kd6 47.
Re5 Rf8+ 48. Rf5 Rxf5+ 49. Kxf5 Kd5 50. g4 1-0